000 00727nam a2200229Ii 4500
003 JO-AjNU
008 230605s9999||||xx |||||||||||||| ||und||
017 _a1976/4979
020 _a977-246-540-X
040 _aJO-AjNU
_bara
_erda
_cJO-AjNU
041 _aara
050 1 4 _aBP80.U7.K4288.1967
100 3 _aخالد،خالد محمد,
_eauthor
_917986
245 0 0 _aوداعا عثمان
250 _aط3
264 3 1 _aالقاهرة-بيروت:دار المعارف بمصر ، دار المعارف لبنان ، 1967
300 _a166ص
336 _atext
_btxt
_2rdacontent
337 _aunmediated
_bn
_2rdamedia
338 _avolume
_bnc
_2rdacarrier
650 4 _aالخلفاء الراشدون-تراجم
_917987
999 _aA5668
_c9236
_d9236